000
00342nam a22001457a 4500
008
180814b xxu||||| |||| 00| 0 eng d
020
_a
0029331900
041
_a
eng
080
_a
159.9
082
_a
159.9
100
_a
48
101
_a
PSI
245
_a
Reasoning, inference, judgment in clinical psychology
_c
Turk.D.C
942
_2
udc
_c
BK
999
_c
47101
_d
47101